000 01010nam0a22002771 4500
001 rc\4814537
005 20260406205444.0
021 _aRU
_bРг1230-66
035 _a(NLR Aleph) 008798292
090 _a8085079
_c8085079
100 _a20130426d1965 |||y0rusy50 ca
101 0 _arus
102 _aRU
105 _ay c |||||
200 1 _aУказатель новых поступлений описаний изобретений СССР
_fЦентр. науч.-техн. б-ка. Патентный отд.
210 _aОдесса
_cМаяк
_d1965
215 _a32 с.
_d20
300 _aНа обороте тит. л. сост.: Е.К. Мильто и Г.И. Матвеева
702 1 _aМильто
_bЕ.К.
_4220
702 1 _aМатвеева
_bГ.И.
_4220
712 0 2 _aЦентральная науч.-техн. б-ка
_cОдесса
_3RU\NLR\AUTH\889966051
_9428408
801 0 _aRU
_bNLR
_gpsbo
801 1 _aRU
_bELAR
_2rusmarc
852 _aNLR
_jПт 10.2/506
942 _cBOOK
980 _aNB